Integrácia simulátora Witness s vybraným SRBD
Na minha lista:
| Autor principal: | |
|---|---|
| Outros Autores: | |
| Formato: | Manuscrito Livro |
| Idioma: | eslovaco |
| Publicado em: |
2017
|
| Assuntos: | |
| Acesso em linha: | http://is.stuba.sk/zp/portal_zp.pl?podrobnosti=129961 |
| Tags: |
Sem tags, seja o primeiro a adicionar uma tag!
|
MARC
| LEADER | 00000ntm a22000003a 4500 | ||
|---|---|---|---|
| 001 | stuzp61152 | ||
| 003 | SK-STU | ||
| 005 | 20170610210413.5 | ||
| 007 | ta | ||
| 008 | 150427s2015----xo-----f-mn---000-0-slo-d | ||
| 040 | |a STU |b slo | ||
| 041 | 0 | |a slo | |
| 100 | 1 | |a Balentová, Zuzana |u 066000 |4 aut |U MTF Materiálovotechnologická fakulta |T MTF Ústav aplikovanej informatiky, automatizácie a mechatroniky |X 82959 |U M6000 |Y 86 |7 82959 | |
| 242 | 0 | 1 | |a Witness simulation integration with selected DBMS |y eng |
| 245 | 1 | 0 | |a Integrácia simulátora Witness s vybraným SRBD |
| 260 | |c 2017 | ||
| 650 | 4 | |a Witness |2 slo | |
| 650 | 4 | |a MS Access |2 slo | |
| 650 | 4 | |a simulácia |2 slo | |
| 650 | 4 | |a predikcia |2 slo | |
| 650 | 4 | |a simulation |2 eng | |
| 650 | 4 | |a MS Access |2 eng | |
| 650 | 4 | |a prediction |2 eng | |
| 650 | 4 | |a Witness |2 eng | |
| 700 | 1 | |a Važan, Pavel |u 066000 |k Z1 |4 ths |U MTF Materiálovotechnologická fakulta |T MTF Ústav aplikovanej informatiky, automatizácie a mechatroniky |X 323 |U M6000 |Y 86 |7 A000000323 | |
| 856 | 4 | |u http://is.stuba.sk/zp/portal_zp.pl?podrobnosti=129961 | |
| 996 | |c M* DP-13310 |l MMSKP |s P |a 0 |w stuzp61152_0001 | ||